Análisis de la presencia, la ausencia y la intensidad de cinco rasgos de comunicación totalitaria durante 24 horas de transmisión del canal Venezolana de Televisión (VTV) durante el referéndum aprobatorio del 15 de febrero de 2009 en Venezuela / (Registro nro. 3756)
[ vista simple ]
| 000 -CABECERA | |
|---|---|
| campo de control de longitud fija | 01444nam a22002537a 4500 |
| 005 - FECHA Y HORA DE LA ÚLTIMA TRANSACCIÓN | |
| campo de control | 20260306134440.0 |
| 007 - CAMPO FIJO DE DESCRIPCIÓN FÍSICA--INFORMACIÓN GENERAL | |
| campo de control de longitud fija | ta |
| 008 - DATOS DE LONGITUD FIJA--INFORMACIÓN GENERAL | |
| campo de control de longitud fija | 230118s2012 ve |||||rm|| 00| 0 spa d |
| 040 ## - FUENTE DE LA CATALOGACIÓN | |
| Centro catalogador/agencia de origen | vecauma |
| Centro/agencia transcriptor | vecauma |
| Centro/agencia modificador | vecauma |
| 099 ## - Cota | |
| Número de clasificación | PFC21 |
| Año | 2012 |
| 100 1# - AUTOR PERSONAL | |
| 9 (RLIN) | 5431 |
| Nombre de persona | Pozsony Martín, Linda Margarita |
| 245 10 - MENCIÓN DE TÍTULO | |
| Título | Análisis de la presencia, la ausencia y la intensidad de cinco rasgos de comunicación totalitaria durante 24 horas de transmisión del canal Venezolana de Televisión (VTV) durante el referéndum aprobatorio del 15 de febrero de 2009 en Venezuela / |
| Mención de responsabilidad, etc. | Linda Margarita Pozsony Martín ; Fernando L. Egaña [tutor] |
| 260 ## - PUBLICACIÓN, DISTRIBUCIÓN, ETC. | |
| Fecha de publicación, distribución, etc. | marzo 2012 |
| 300 ## - DESCRIPCIÓN FÍSICA | |
| Extensión | 151 h. |
| 502 ## - NOTA DE TESIS | |
| Nota de tesis | Proyecto Final de Carrera |
| Tipo de título | (Licenciado en Comunicación Social). -- |
| Nombre de la institución que otorga el título | Universidad Monteávila, |
| Lugar de publicación | Caracas, |
| Año de obtención del título | 2012. |
| 520 ## - SUMARIO, ETC. | |
| Sumario, etc. | Esta investigación propone el análisis de la presencia, ausencia e intensidad de cinco rasgos de comunicación totalitaria a partir de una muestra de 24 horas de transmisión del canal Venezolana de Televisión (VTV), durante el referéndum aprobatorio del 15 de febrero de 2009 en Venezuela. |
| 650 #0 - PUNTO DE ACCESO ADICIONAL DE MATERIA--TÉRMINO DE MATERIA | |
| 9 (RLIN) | 3476 |
| Término de materia | MEDIOS DE COMUNICACION SOCIAL |
| Subdivisión general | ASPECTOS POLITICOS |
| Subdivisión geográfica | VENEZUELA |
| 650 #0 - PUNTO DE ACCESO ADICIONAL DE MATERIA--TÉRMINO DE MATERIA | |
| Término de materia | COMUNICACION EN POLITICA |
| Subdivisión geográfica | VENEZUELA |
| 9 (RLIN) | 2232 |
| 650 #0 - PUNTO DE ACCESO ADICIONAL DE MATERIA--TÉRMINO DE MATERIA | |
| Término de materia | REFERENDUM |
| Subdivisión geográfica | VENEZUELA |
| 9 (RLIN) | 5430 |
| 651 #0 - PUNTO DE ACCESO ADICIONAL DE MATERIA--NOMBRE GEOGRÁFICO | |
| Nombre geográfico | VENEZUELA |
| Subdivisión general | POLITICA Y GOBIERNO |
| Subdivisión cronológica | 1999- |
| 9 (RLIN) | 3255 |
| 700 1# - ENTRADA AGREGADA--NOMBRE PERSONAL | |
| 9 (RLIN) | 5432 |
| Nombre de persona | Egaña, Fernando L. |
| Término indicativo de función/relación | tutor |
| 942 ## - ELEMENTOS DE ENTRADA AGREGADA (KOHA) | |
| Tipo de ítem Koha | Trabajos de grado |
| Fuente del sistema de clasificación o colocación | Library of Congress Classification |
| Estado de retiro | Estado de pérdida | Estado dañado | No para préstamo | Código de colección | Localización permanente | Ubicación/localización actual | Ubicación en estantería | Fecha de adquisición | Número de inventario | Total de préstamos | Cota | Código de barras | Fecha visto por última vez | Precio válido a partir de | Tipo de ítem Koha |
|---|---|---|---|---|---|---|---|---|---|---|---|---|---|---|---|
| Proyectos finales de carrera | Biblioteca Universidad Monteávila | Biblioteca Universidad Monteávila | Archivo rodante | 18/01/2023 | 47783 | PFC21 2012 | 2023-0277 | 18/01/2023 | 18/01/2023 | Trabajos de grado |
